[Event "37th Reggio Emilia it"]
[Site "Reggio Emilia ITA"]
[Date "1994.??.??"]
[Round "3"]
[White "Belotti, Bruno"]
[Black "Vaganian, Rafael"]
[Result "1/2-1/2"]
[WhiteElo "2455"]
[BlackElo "2645"]
[EventDate "1994.12.??"]
[PlyCount "295"]

1.d4 Nf6 2.c4 e6 3.Nc3 Bb4 4.e3 O-O 5.Bd3 d5 6.cxd5 exd5 7.Ne2 Re8 8.O-O 
Bf8 9.f3 c5 10.Qe1 b6 11.Qf2 Ba6 12.Bxa6 Nxa6 13.Nf4 Nc7 14.Bd2 Bd6 15.
Nfe2 Qd7 16.Rae1 Re7 17.Kh1 Rae8 18.g4 h6 19.Ng3 Bxg3 20.Qxg3 Nb5 21.dxc5 
bxc5 22.Qf2 Qc6 23.Kg1 Nd6 24.b3 Nd7 25.Rd1 f5 26.h3 Nf6 27.Bc1 fxg4 28.
hxg4 Nf7 29.Qg3 Ng5 30.Ne2 Rxe3 31.Bxe3 Rxe3 32.Nf4 d4 33.Rd3 Nfe4 34.Qg2 
Ne6 35.Rxe3 Nxf4 36.Qh2 dxe3 37.Qxf4 Nd2 38.Qxe3 Nxf1 39.Kxf1 Qa6+ 40.Qe2 
Qxe2+ 41.Kxe2 Kf7 42.Ke3 g6 43.f4 Kf6 44.Kf3 a5 45.a4 Ke7 46.Ke3 Kd6 47.
Kd3 Ke6 48.Ke4 Kf6 49.Ke3 Ke7 50.Ke4 Ke6 51.Kf3 Kf7 52.Ke4 Kf6 53.Kf3 Ke6 
54.Ke4 h5 55.Kf3 Kd5 56.Kg3 hxg4 57.Kxg4 Kd4 58.Kg5 Kc3 59.Kxg6 Kxb3 60.f5
c4 61.f6 c3 62.f7 c2 63.f8=Q c1=Q 64.Qd8 Kxa4 65.Qe8+ Kb4 66.Qb8+ Ka4 67.
Qe8+ Ka3 68.Qe7+ Kb2 69.Qf6+ Qc3 70.Qb6+ Ka2 71.Qe6+ Ka1 72.Qe4 Kb2 73.Kh5
Qc5+ 74.Kh6 Qb6+ 75.Kh5 Qb5+ 76.Kh6 a4 77.Qd4+ Ka2 78.Qd2+ Qb2 79.Qd5+ Kb1
80.Qd3+ Qc2 81.Qb5+ Kc1 82.Qf1+ Kb2 83.Qf6+ Qc3 84.Qb6+ Ka2 85.Qf2+ Ka3 
86.Qf8+ Kb3 87.Qf7+ Qc4 88.Qb7+ Kc3 89.Qg7+ Kb4 90.Qb2+ Ka5 91.Qd2+ Kb5 
92.Qb2+ Qb4 93.Qe2+ Ka5 94.Qe5+ Ka6 95.Qe2+ Ka7 96.Kg5 Qc5+ 97.Kf4 a3 98.
Qa2 Qd4+ 99.Kf3 Qc3+ 100.Ke4 Kb6 101.Kf5 Qb2 102.Qe6+ Ka5 103.Qe7 Qb5+ 
104.Kg6 Qd3+ 105.Kh6 Qd2+ 106.Kh7 Qh2+ 107.Kg8 Qg3+ 108.Kh7 Qh3+ 109.Kg6 
Qg4+ 110.Kh6 Qf4+ 111.Kg6 Qg3+ 112.Kh6 Qh2+ 113.Kg6 Qg2+ 114.Kh7 Qh1+ 115.
Kg7 Qg2+ 116.Kh7 Qc2+ 117.Kh6 Qc6+ 118.Kh7 Ka4 119.Qa7+ Kb3 120.Qb8+ Kc4 
121.Qf4+ Kb5 122.Qe5+ Qc5 123.Qe8+ Ka5 124.Qd8+ Ka6 125.Qf6+ Qb6 126.Qf1+ 
Ka7 127.Qc4 Qb7+ 128.Kg8 Qb8+ 129.Kf7 Qd6 130.Kg8 Kb6 131.Qb3+ Kc7 132.
Qc4+ Kd8 133.Qh4+ Kd7 134.Qa4+ Kd8 135.Qh4+ Kc7 136.Qc4+ Kb6 137.Qb3+ Ka5 
138.Kh7 Qh2+ 139.Kg8 Qb2 140.Qd5+ Qb5 141.Qa8+ Kb4 142.Qf8+ Kb3 143.Qf3+ 
Ka2 144.Qf2+ Qb2 145.Qf7+ Qb3 146.Kh8 Kb2 147.Qf2+ Ka1 148.Qf1+ 1/2-1/2

[Event "37th Reggio Emilia it"]
[Site "Reggio Emilia ITA"]
[Date "1994.??.??"]
[Round "5"]
[White "Barlocco, Carlo"]
[Black "Arlandi, Ennio"]
[Result "1/2-1/2"]
[WhiteElo "2280"]
[BlackElo "2425"]
[EventDate "1994.12.??"]
[PlyCount "102"]

1.e4 c6 2.d4 d5 3.e5 Bf5 4.Nf3 e6 5.Be2 Nd7 6.O-O Bg6 7.c3 Ne7 8.b4 a5 9.
b5 Nc8 10.Nbd2 Be7 11.c4 dxc4 12.bxc6 bxc6 13.Nxc4 O-O 14.Ba3 Bxa3 15.Nxa3
Ncb6 16.Rc1 Qe7 17.Nc4 Nxc4 18.Rxc4 Be4 19.Rc3 Rfb8 20.Bd3 Bd5 21.Bc4 Nb6 
22.Bxd5 cxd5 23.Qd3 Na4 24.Rb3 Qc7 25.Ng5 g6 26.Qh3 h5 27.Rf3 Qc2 28.g3 
Ra7 29.Nxf7 Rxf7 30.Qxe6 Rf8 31.Rxf7 Rxf7 32.Qxd5 Nc3 33.Qxa5 Ne2+ 34.Kg2 
Qe4+ 35.f3 Qxd4 36.e6 Re7 37.Qa6 Qe3 38.Rd1 Nd4 39.Qd3 Qxd3 40.Rxd3 Nxe6 
41.h4 Kf7 42.Ra3 Rd7 43.g4 Rd1 44.Ra4 Rd5 45.Kg3 Kf6 46.Ra8 hxg4 47.fxg4 
Rd3+ 48.Kf2 Rd2+ 49.Ke3 Rh2 50.h5 Rh3+ 51.Ke4 gxh5 1/2-1/2

[Event "37th Reggio Emilia it"]
[Site "Reggio Emilia ITA"]
[Date "1994.??.??"]
[Round "6"]
[White "Belotti, Bruno"]
[Black "Garcia Palermo, Carlos Horacio"]
[Result "0-1"]
[WhiteElo "2455"]
[BlackElo "2490"]
[EventDate "1994.12.??"]
[PlyCount "66"]

1.e4 c6 2.d4 d5 3.Nc3 dxe4 4.Nxe4 Bf5 5.Ng3 Bg6 6.h4 h6 7.Nf3 Nf6 8.Ne5 
Bh7 9.Bd3 Bxd3 10.Qxd3 e6 11.Bd2 Nbd7 12.Ng6 fxg6 13.Qxg6+ Ke7 14.Bb4+ c5 
15.dxc5 Qc7 16.c6+ Kd8 17.Bxf8 Nxf8 18.O-O-O+ Kc8 19.Qd3 bxc6 20.Qa6+ Kb8 
21.Rd3 N8d7 22.Rb3+ Nb6 23.a4 Nd7 24.Ne4 Qf4+ 25.Re3 Kc7 26.g3 Qf5 27.Rd1 
Rhb8 28.Qd3 Nd5 29.Rf3 Ne5 30.Qd4 Nxf3 31.Qxg7+ Kb6 32.Nd6 Qf6 33.a5+ Ka6 
0-1